Samrakshana sangati: aushadhisasya samrakshanege agatya mahiti, samputa 2. (Record no. 213876)

MARC details
000 -LEADER
fixed length control field 00496nam a2200157Ia 4500
008 - FIXED-LENGTH DATA ELEMENTS--GENERAL INFORMATION
fixed length control field 210719s2003 xx 000 0 und d
041 ## - LANGUAGE CODE
Language code of text/sound track or separate title eng
082 ## - DEWEY DECIMAL CLASSIFICATION NUMBER
Classification number 581.634K SOMS
100 ## - MAIN ENTRY--PERSONAL NAME
Personal name SOMASHEKHARA (Bi Es)
245 ## - TITLE STATEMENT
Title Samrakshana sangati: aushadhisasya samrakshanege agatya mahiti, samputa 2.
260 ## - PUBLICATION, DISTRIBUTION, ETC.
Place of publication, distribution, etc. Bengaluru
Name of publisher, distributor, etc. Sthaliya arogya paramparegala punaruthana pratishtana,
Date of publication, distribution, etc. 2003
300 ## - PHYSICAL DESCRIPTION
Extent 74
Other physical details PB
365 ## - TRADE PRICE
Currency code Rs
650 ## - SUBJECT ADDED ENTRY--TOPICAL TERM
Topical term or geographic name entry element Botany
906 ## - LOCAL DATA ELEMENT F, LDF (RLIN)
a Medicinal plants conservation training
Holdings
Withdrawn status Lost status Damaged status Not for loan Collection code Home library Current library Date acquired Total Checkouts Full call number Barcode Date last seen Price effective from Koha item type
          St Aloysius Library St Aloysius Library 02/18/2005   581.634K SOMS D02470 07/19/2021 07/19/2021 Donated Books